00474nam a2200193 a 4500001001300000003000900013005001700022008004100039020002300080082001500103100001600118245002200134260002800156300000900184500003500193505001000228650002600238700001600264nice12345678IN_TiNIC20260116014216.0050524s2004 dela grp 000 0 eng  a8178299 c19500a305.3bTAZ aTazi, Nadia aKeywordsb Gender aDelhi bSage Pub c2004 a167p aincludes index and biblioraphy2 aIndex aGender Discrimination1 aTazi, Nadia